Engineering properties of soils and their measurement. -- 4th ed. (Record no. 41989)
[ view plain ]
| 000 -LEADER | |
|---|---|
| fixed length control field | 00805nam a2200205 a 4500 |
| 008 - FIXED-LENGTH DATA ELEMENTS--GENERAL INFORMATION | |
| fixed length control field | 100118s1992 ||||||||||||||||| || u |
| 020 ## - INTERNATIONAL STANDARD BOOK NUMBER | |
| International Standard Book Number | 0070067783 |
| 050 ## - LIBRARY OF CONGRESS CALL NUMBER | |
| Classification number | TA 710.5 Bow |
| 100 ## - MAIN ENTRY--PERSONAL NAME | |
| Personal name | Bowles, Joseph E |
| 245 10 - TITLE STATEMENT | |
| Title | Engineering properties of soils and their measurement. -- 4th ed. |
| Statement of responsibility, etc. | Joseph E. Bowles |
| 250 ## - EDITION STATEMENT | |
| Edition statement | 4th ed. |
| 260 ## - PUBLICATION, DISTRIBUTION, ETC. | |
| Place of publication, distribution, etc. | Boston |
| Name of publisher, distributor, etc. | Irwin/McGraw-Hill |
| Date of publication, distribution, etc. | 1992 |
| 300 ## - PHYSICAL DESCRIPTION | |
| Extent | 241p. [various pagings]: ill. + Disket |
| 350 ## - PRICE (NR) (BK AM CF MU VM SE) [OBSOLETE] | |
| Price | 0.00 |
| 500 ## - GENERAL NOTE | |
| General note | Accompanied by a Disket (See Cybrary staff) |
| 650 ## - SUBJECT ADDED ENTRY--TOPICAL TERM | |
| Topical term or geographic name entry element | SOIL--TESTING--LABORATORY MANUALS |
| 650 ## - SUBJECT ADDED ENTRY--TOPICAL TERM | |
| Topical term or geographic name entry element | SOIL MECHANICS--LABORATORY MANUALS |
| 650 ## - SUBJECT ADDED ENTRY--TOPICAL TERM | |
| Topical term or geographic name entry element | SOILS |
| 995 ## - RECOMMENDATION 995 [LOCAL, UNIMARC FRANCE] | |
| -- | 0.00 |
| -- | CBU-MAIN LIBRARY (Kitwe) |
| -- | 1 |
| -- | 0.00 |
| -- | 1 |
| -- | AVAILABLE |
| -- | Feb 19, 2010 |
| -- | Main Library Open Access Collection |
| Withdrawn status | Lost status | Source of classification or shelving scheme | Damaged status | Not for loan | Home library | Current library | Shelving location | Date acquired | Total Checkouts | Full call number | Barcode | Date last seen | Price effective from | Koha item type |
|---|---|---|---|---|---|---|---|---|---|---|---|---|---|---|
| CBU-MAIN LIBRARY, KITWE. | CBU-MAIN LIBRARY, KITWE. | 11/30/2022 | TA 710.5 Bow | 740747 | 11/30/2022 | 11/30/2022 | MONOGRAPH |